000 00374nam a2200145 a 4500
005 20140412111330.0
008 110408s19uu xx 00 eng d
020 _a0-679-80333-5
050 _aER
_bVe48 1985
100 _aWilliams, Margery
245 _aThe Velveteen Rabbit /
_cMargery Williams.
260 _aNY :
_bDragonfly,
_c1985.
300 _aunp.
999 _c104891
_d104891